书目信息 |
| 题名: |
电力系统自动装置
|
|
| 作者: | 赵付章 | |
| 分册: | ||
| 出版信息: | 长春 吉林大学出版社 2016.01 |
|
| 页数: | 314页 | |
| 开本: | 26cm | |
| 丛书名: | ||
| 单 册: | ||
| 中图分类: | TM76 | |
| 科图分类: | ||
| 主题词: | 电力系统--自动化 | |
| 电子资源: | ||
| ISBN: | 978-7-5677-5623-6 | |
| 000 | 00605nam0 2200205 450 | |
| 001 | 3440 | |
| 005 | 20160926084329.43 | |
| 010 | @a978-7-5677-5623-6@b平装@dCNY42.00 | |
| 100 | @a20151001d2016 km y0chiy0120 ea | |
| 101 | 0 | @achi |
| 102 | @aCN@b220000 | |
| 200 | 1 | @a电力系统自动装置@Adian li xi tong zi dong zhuang zhi@f赵付章@Fzhao fu zhang |
| 210 | @a长春@c吉林大学出版社@d2016.01 | |
| 215 | @a314页@d26cm | |
| 330 | @a电力系统·自动装置·教材 | |
| 606 | 0 | @a电力系统@x自动化 |
| 690 | @aTM76@v4 | |
| 701 | 0 | @a赵付章@Azhao fu zhang |
| 801 | 0 | @aCN@b唐山师范学院图书馆@c20151001 |
| 905 | @aZUCC@dTM76@e38 | |
| 电力系统自动装置/赵付章.-长春:吉林大学出版社,2016.01 |
| 314页;26cm |
| ISBN 978-7-5677-5623-6(平装):CNY42.00 |
| 电力系统·自动装置·教材 |
| ● |
| 相关链接 |
|
|
|
|
正题名:电力系统自动装置
索取号:TM76/38
 
预约/预借
| 序号 | 登录号 | 条形码 | 馆藏地/架位号 | 状态 | 备注 |
| 1 | 905093 | 209050934 | 第二样本阅览室/ [索取号:TM76/38] | 在馆 | |
| 2 | 905094 | 209050943 | 第三借阅区/ [索取号:TM76/38] | 在馆 | |
| 3 | 905095 | 209050952 | 第三借阅区/ [索取号:TM76/38] | 在馆 | |
| 4 | 905096 | 209050961 | 第三借阅区/ [索取号:TM76/38] | 在馆 | |
| 5 | 905097 | 209050970 | 第三借阅区/ [索取号:TM76/38] | 在馆 |